000 02519cam a2200493Ia 4500
001 ocm35694991
003 TZ-ArACH
005 20130710164244.0
008 961008s1995 be 001 0 fre d
016 7 _aFRBNF374943730000000
_2FrPBN
020 _a2802706659
020 _a9782802706656
035 _a(OCoLC)35694991
040 _aFHR
_bfre
_cTZ-ArACH
_dFCI
_dMUQ
_dNLGGC
_dLGG
_dCHRRO
_dUQ1
_dBDF
041 _aFre
049 _aTZAA
050 1 4 _aKJC3704
_b.R84
084 _a86.16
_2bcl
100 1 _aRudloff, Séverine.
_912692
245 1 0 _aDroits et libertés de l'avocat dans la Convention européenne des droits de l'homme /
_cSéverine Rudloff ; sous la dir. de Jean-François Flauss ; [publ. par l'Université Robert Schuman, Faculté de droit, de sciences politiques et de gestion].
260 _aBruxelles :
_bBruylant,
_c1995.
300 _a198 p. ;
_c 24 cm.
500 _aNote de recherche présentée pour l'obtention du DEA de droit international.
504 _aBibliogr. p. 195-198. Index.
630 0 7 _aConvention européenne des droits de l'homme
_d(1950).
_2ram
_912685
630 0 6 _aConvention européenne de sauvegarde des droits de l'homme et des libertés fondamentales
_d(1950)
_912686
630 0 0 _aConvention for the Protection of Human Rights and Fundamental Freedoms
_d(1950)
_912687
630 0 7 _aConvention de sauvegarde des droits de l'homme et des libertés fondamentales (1950)
_2rasuqam
_912688
650 7 _aAvocats
_xStatut juridique
_zEurope.
_2ram
_912693
650 7 _aDroits de l'homme (droit européen).
_912694
650 6 _aAvocats
_xDroit
_zEurope
_912695
650 0 _aLawyers
_zEurope.
_912696
650 7 _aAvocat
_xliberté professionnelle
_xConvention européenne des droits de l'homme (1950 ; Rome)
_2rero
_912697
650 7 _aEuropean Convention on Human rights
_912698
650 7 _aDroit.
_912699
650 7 _aJurisprudence.
_912700
651 7 _aEurope.
_912689
700 1 _aFlauss, Jean-François,
_edir.
_912691
710 2 _aUniversité Robert Schuman (Strasbourg).
_bFaculté de droit, de sciences politiques et de gestion,
_eéd.
_912690
856 4 2 _3Notice et cote du catalogue de la Bibliothèque nationale de France
_uhttp://catalogue.bnf.fr/ark:/12148/cb37494373w
942 _2lcc
_cBOOK
999 _c2588
_d2588